01570nam a2200361 a 4500001001000000003000500010005001700015008004100032010001100073011001100084040000900095090001000104100004500114245019300159260004100352500006000393502007500453590004000528590004000568590004000608590004000648650002000688650003500708650004500743700004300788856006900831901000700900942001000907942000600917999001900923952013100942952013501073000114591CHAP20220329144448.0180307s2017 mx a fsm |||||||spa d a111052 a112024 cCHAP aTesis1 aMoreno Rodríguez, Juan Emanuel913475610aEvaluación de un dilutor elaborado con base en miel de maguey para conservación de semen de ovino /h[En línea]cpor Juan Emmanuel Moreno Rodríguez y Julio César Penagos López. aChapingo, Méx. :bEl autor,c2017. aPara ver el contenido del material haga clic en la liga aTesis (Ing. Agr. Esp. en Zootecnia) -- UACH. Departamento de Zootecnia aE8697GMMb05c20180307lUCH01h1014 aE8697GMMb05c20180307lUCH01h1016 aE8697GMMb05c20180308lUCH01h0935 aE8697GMMb05c20180308lUCH01h093614aAguamiel.9257414aSemenxConservación.910385814aSemenxEfecto de la temperatura.91038591 aPenagos López, Julio César9134757 aFinding aiduhttp://10.13.5.2/tesis/sist11491.pdfzTeclea aquí aBK cTESIS n0 c111052d111052 00104054718TESISaBCbBCd2018-03-07fTESISl0oTesisp114592-10r2019-12-31 00:00:00w2019-12-31yTESISzRecien adquirido 00102local4053708TESISaBCbBCcPA_TESISd2018-03-07fTESISl0oTesisp114592-20r2019-12-31 00:00:00tc.2w2019-12-31yTESIS